| 000 | 00953nac a22002411u 4500 | ||
|---|---|---|---|
| 010 | _a78311726 | ||
| 020 | _a8200023923 (v. 1) : | ||
| 082 |
_a389 _bE425 |
||
| 090 |
_c1765 _d1765 |
||
| 100 | _aEliassen, Arnt. | ||
| 245 | 1 | 0 |
_aMeteorology : _ban introductory course / _cArnt Eliassen and Kaare Pedersen. |
| 260 |
_aOslo : _bUniversitetsforlaget ; _aNew York : _bdistr., Columbia University Press, _cc1977. |
||
| 300 |
_a2 v. : _bill. ; _c22 cm. |
||
| 490 | 0 | _aScandinavian university books | |
| 500 | _aDonations | ||
| 500 | _aDonations - Dr. Mostafa Gouda | ||
| 504 | _aIncludes bibliographical references and indexes. | ||
| 505 | 0 | _av. 1. Physical processes and motion. -- v. 2. Application to weather and weather systems. | |
| 650 | 0 | _aDynamic meteorology. | |
| 700 | 1 | _aPedersen, Kaare, | |
| 942 |
_cBB _k389E425 |
||
| 999 |
_c1765 _d1765 |
||